ბათუმის შოთა რუსთაველის სახელმწიფო უნივერსიტეტის ბიბლიოთეკა

თხზულებანი : სრული კრებული 7 ტომად. ტ. 7 (ბიბ.ჩანაწერი № 48821)

000 -LEADER
fixed length control field 00912nam a2200229Ia 4500
001 - CONTROL NUMBER
control field 15723
003 - CONTROL NUMBER IDENTIFIER
control field GE_BSU
008 - FIXED-LENGTH DATA ELEMENTS--GENERAL INFORMATION
fixed length control field 181216s||||||||xx |||||||||||||| ||und||
040 ## - CATALOGING SOURCE
Transcribing agency GE_BSU
080 ## - UNIVERSAL DECIMAL CLASSIFICATION NUMBER
Universal Decimal Classification number 821.353.1 + 821.353.1-92 + 821.353.1-7
100 ## - MAIN ENTRY--PERSONAL NAME
Personal name წერეთელი, ა. (აკაკი, 1840-1915)
245 ## - TITLE STATEMENT
Title თხზულებანი : სრული კრებული 7 ტომად. ტ. 7
245 ## - TITLE STATEMENT
Remainder of title პუბლიცისტიკა, ფელეტონი
245 ## - TITLE STATEMENT
Statement of responsibility, etc. სოლომონ ხუციშვილის რედ. მხ. ლ. გრიგოლია
260 ## - PUBLICATION, DISTRIBUTION, ETC.
Place of publication, distribution, etc. თბილისი
260 ## - PUBLICATION, DISTRIBUTION, ETC.
Name of publisher, distributor, etc. საბჭ. საქართველო
260 ## - PUBLICATION, DISTRIBUTION, ETC.
Date of publication, distribution, etc. 1959
300 ## - PHYSICAL DESCRIPTION
Extent 862 გვ..25 სმ
653 ## - INDEX TERM--UNCONTROLLED
Uncontrolled term თხზულებანი
653 ## - INDEX TERM--UNCONTROLLED
Uncontrolled term პუბლიცისტიკა, ფელეტონი
942 ## - ADDED ENTRY ELEMENTS (KOHA)
Koha item type წიგნი
ეგზემპლარები
Withdrawn status Lost status Damaged status Not for loan Date acquired Barcode Date last seen Price effective from Koha item type
        2018-12-17 38917 2018-12-17 2018-12-17 წიგნი
        2018-12-17 38864 2018-12-17 2018-12-17 წიგნი
        2018-12-17 38865 2018-12-17 2018-12-17 წიგნი
        2018-12-17 38866 2018-12-17 2018-12-17 წიგნი
        2018-12-17 38867 2018-12-17 2018-12-17 წიგნი
        2018-12-17 38868 2018-12-17 2018-12-17 წიგნი